000 00447nam a2200169Ia 4500
001 557
003 IN-NITTTR
005 20251114232858.0
008 251113s9999||||xx |||||||||||||| ||eng||
040 _beng
040 _cIN-NITTTR
041 _aeng
082 _a604.2 V691E
100 _aVijayvergia, P. N.
245 0 _aEngineering drawing (mechanical,geometrical and building drawing) :
_b metric system. /
_cVijayvergia, P. N.
942 _2ddc
_cBK
999 _c95
_d95